[Event "Villarrobledo op"]
[Site "Villarrobledo"]
[Date "1998.08.23"]
[Round "8"]
[White "Smirin, Ilia"]
[Black "Anand, Viswanathan"]
[Result "0-1"]
[WhiteElo "2615"]
[BlackElo "2795"]

1.e4 c6 2.d4 d5 3.e5 Bf5 4.Nf3 e6 5.Be2 Ne7 6.O-O Nd7 7.Nh4 c5 8.c3 Be4 9.Nd2 Nc6
10.Nxe4 dxe4 11.g3 Be7 12.Ng2 cxd4 13.cxd4 O-O 14.Be3 Nb6 15.Rc1 Nd5 16.Qc2 Qb6
17.Qxe4 Qxb2 18.Bd3 g6 19.Bc4 Nb6 20.Bb3 Rad8 21.Rc2 Qa3 22.Nf4 Qb4 23.Nd3 Qb5
24.Nc5 Bxc5 25.Rxc5 Qb4 26.Rd1 Rd7 27.Qh4 Rfd8 28.Qf6 Qxc5 29.Bh6 Qf8 30.Bxf8 Rxf8
31.d5 Nxd5 32.Bxd5 Rfd8 33.Rb1 exd5 34.e6 fxe6 35.Qxe6+ Kg7 36.f4 d4 37.f5 d3
38.f6+ Kf8 39.Qe3 d2 40.Rd1 Kf7 41.Qh6 Kxf6 42.Rf1+ Ke6 43.Qe3+ Ne5 44.Qb3+ Rd5
45.Rd1 Kf6 46.Qxb7 R8d7 47.Qb8 Kg7 48.Kg2 h5 49.Kh3 Ng4 50.Rf1 Rf5 51.Qb2+ Kh7
52.Rxf5 gxf5  0-1

[Event "Elista ol (Men)"]
[Site "Elista"]
[Date "1998.09.30"]
[Round "2"]
[White "Smirin, Ilia"]
[Black "Beliavsky, Alexander G"]
[Result "1/2-1/2"]
[WhiteElo "2615"]
[BlackElo "2645"]

1.e4 e5 2.Nf3 Nc6 3.Bb5 a6 4.Ba4 Nf6 5.O-O Be7 6.Re1 b5 7.Bb3 d6 8.c3 O-O
9.d3 Na5 10.Bc2 c5 11.Nbd2 Nc6 12.Nf1 Re8 13.h3 Bb7 14.a4 h6 15.Ne3 Bf8 16.Nh2 d5
17.Nhg4 Nxg4 18.Qxg4 d4 19.Nd5 Qd6 20.Bd2 Ne7 21.Nxe7+ Rxe7 22.axb5  1/2-1/2

[Event "Elista ol (Men)"]
[Site "Elista"]
[Date "1998.10.02"]
[Round "4"]
[White "Hatanbaatar, Bazar"]
[Black "Smirin, Ilia"]
[Result "0-1"]
[WhiteElo "2440"]
[BlackElo "2615"]

1.e4 d6 2.d4 Nf6 3.Nc3 g6 4.f4 Bg7 5.Nf3 O-O 6.Be3 b6 7.Bc4 c5 8.Qd2 cxd4
9.Bxd4 Nc6 10.Bf2 Bb7 11.O-O Rc8 12.Bd3 a6 13.Kh1 Nd7 14.Rad1 b5 15.Nd5 e6
16.Bh4 Qe8 17.Ne3 Nd4 18.Nxd4 Bxd4 19.c3 Bg7 20.Bb1 Nc5 21.Qxd6 Bxe4 22.Bxe4 Nxe4
23.Qxa6 f5 24.Qb7 Rf7 25.Qb6 h6 26.Nc2 g5 27.Bg3 Bf8 28.Nd4 gxf4 29.Bxf4 Bc5
30.Qxb5 e5 31.Qa6 exd4 32.cxd4 Bf8 33.Qg6+ Bg7 34.Qh5 Rc2 35.Qf3 Rxb2 36.d5 Rxa2
37.d6 Raa7 38.Rfe1 Qc6 39.Rc1 Qd5 40.Red1 Qa2 41.Rf1 Qe6 42.Rc7 Kh7 43.Qe3 Ra2
44.h3 Rd2 45.Qa7 Rxc7 46.dxc7 Qc4 47.Rf3 Rc2 48.Qa5 Qe6 49.Qa4 Rc5 50.Qb3 Nf2+
51.Kh2 Qe1 52.Re3 Qh1+ 53.Kg3 Ne4+ 54.Rxe4 fxe4 55.Qb4 Rc3+ 56.Kh4 Qxg2  0-1

[Event "Elista ol (Men)"]
[Site "Elista"]
[Date "1998.10.05"]
[Round "7"]
[White "Illescas Cordoba, Miguel"]
[Black "Smirin, Ilia"]
[Result "1/2-1/2"]
[WhiteElo "2605"]
[BlackElo "2615"]

1.e4 c5 2.Nf3 e6 3.c3 d5 4.exd5 exd5 5.d4 Nc6 6.Bb5 Bd6 7.dxc5 Bxc5 8.O-O Ne7
9.Nbd2 O-O 10.Nb3 Bd6 11.Bd3 h6 12.h3 Nf5 13.Bc2 Re8 14.Qd3 g6 15.Qd1 Kh7
16.Nbd4 Qf6 17.Nxf5 Bxf5 18.Bxf5 Qxf5 19.Be3 Rad8 20.Re1 Bf8 21.Qb3 Qd7 22.Rad1 Bg7
23.Qc2 b5 24.Bc5 Rxe1+ 25.Rxe1 a5 26.Qb3 b4 27.a4 bxc3 28.bxc3 Rb8 29.Qc2 Qb7
30.Nd4 Nxd4 31.cxd4 Qc6  1/2-1/2

[Event "Elista ol (Men)"]
[Site "Elista"]
[Date "1998.10.09"]
[Round "10"]
[White "Van Wely, Loek"]
[Black "Smirin, Ilia"]
[Result "1/2-1/2"]
[WhiteElo "2635"]
[BlackElo "2615"]

1.d4 Nf6 2.c4 g6 3.Nc3 Bg7 4.e4 d6 5.Nf3 O-O 6.Be2 e5 7.O-O Nc6 8.d5 Ne7
9.b4 a5 10.Ba3 b6 11.bxa5 Nh5 12.Nb5 Rxa5 13.Bb4 Ra6 14.Nd2 Nf4 15.a4 f5
16.Re1 Nxe2+ 17.Qxe2 fxe4 18.Nxe4 Nf5 19.Qd3 Nd4 20.Bc3 Nb3 21.Ra3 Na5 22.Bd2 Bf5
23.Qe2 Nb7 24.Bg5 Qd7 25.f3 Raa8 26.Be3 Qe7 27.g4 Bxe4 28.fxe4 Bf6 29.Kg2 Bh4
30.Rf1 Rxf1 31.Qxf1 Rf8 32.Qe2 Rf7 33.h3 Bg5 34.Bg1 Rf8 35.Bf2 Ra8 36.Qe1 Qd7
37.Qd1 Qe7 38.Rf3 Qd7 39.Kf1 Bf4 40.Ra3 Bg5 41.h4 Bf4 42.Qe2 Na5 43.Ke1 Rc8
44.Rc3 Rf8 45.Kd1 Nb7 46.Ra3 Ra8 47.Kc2 Qd8 48.Qf3 Qd7 49.Qe2 Kg7 50.Be1 Kg8
51.Bb4 Rf8 52.Rd3 h6 53.Kb3 Qe7 54.Rh3 Qd7 55.Qg2 Kg7 56.Rf3 Ra8 57.Rh3 Rh8
58.Kc2 Ra8 59.Ra3 c6 60.dxc6 Qxc6 61.Qe2 Nc5 62.Bxc5 Qxc5 63.Ra1 Be3 64.Kb3 Rf8
65.Rf1 Rxf1 66.Qxf1 Bd2 67.Kc2 Bf4 68.Qe2 Qg1 69.Qd1 Qf2+ 70.Kb3 Bd2 71.h5 Qe3+
72.Kc2 Bb4 73.Qd3 Qxd3+ 74.Kxd3 gxh5 75.gxh5 Kf6 76.Ke3 Kg5 77.Kf3 Kxh5 78.Nc7 Bc5
79.Kg3 Kg5 80.Ne6+ Kf6 81.Nc7 Ke7 82.Kg4 Kd7 83.Nd5 Bg1 84.Nb4 Be3 85.Nd5 Bd4
86.Nb4 Bc5 87.Nd5 Bg1 88.Nb4 Kc7 89.Kh5 Kb7 90.Kxh6 Bc5 91.Nd3 Ka6 92.Kg6 Ka5
93.Kf6 Kxa4 94.Ke6 Kb3 95.Kd5 Kc3 96.Ne1 Bf2 97.Nf3 Bc5  1/2-1/2

[Event "Vienna op 13th"]
[Site "Vienna"]
[Date "1998.11.02"]
[Round "9"]
[White "Smirin, Ilia"]
[Black "Golod, Vitali"]
[Result "1/2-1/2"]
[WhiteElo "2615"]
[BlackElo "2555"]

1.c4 Nf6 2.Nc3 g6 3.Nf3 Bg7 4.e4 d6 5.d4 O-O 6.Be2 e5 7.O-O Nc6 8.d5 Ne7
9.Nd2 a5 10.Rb1 Nd7 11.a3 f5 12.b4 axb4 13.axb4 Bh6 14.f3 c5 15.bxc5 Nxc5
16.Nb3 Bxc1 17.Qxc1 b6 18.Nxc5 bxc5 19.f4 exf4 20.Qxf4 fxe4 21.Qxf8+ Qxf8
22.Rxf8+ Kxf8 23.Nxe4 Nf5 24.Bg4 h5 25.Bh3 Ke7 26.Re1 Kd7 27.Nc3 Kd8 28.Nb5  1/2-1/2

[Event "Dresden zt"]
[Site "Dresden"]
[Date "1998.??.??"]
[Round "3"]
[White "Smirin, Ilia"]
[Black "Jussupow, Artur"]
[Result "1/2-1/2"]
[WhiteElo "2590"]
[BlackElo "2630"]

1.e4 e5 2.Nf3 Nf6 3.d4 Nxe4 4.Bd3 d5 5.Nxe5 Nd7 6.Nxd7 Bxd7 7.O-O Bd6 8.c4 c6
9.cxd5 cxd5 10.Qh5 O-O 11.Qxd5 Bc6 12.Qh5 g6 13.Qh3 Bb4 14.Nc3 Bxc3 15.Bxe4  1/2-1/2

[Event "Dresden zt"]
[Site "Dresden"]
[Date "1998.??.??"]
[Round "4"]
[White "Smirin, Ilia"]
[Black "Alterman, Boris"]
[Result "1-0"]
[WhiteElo "2590"]
[BlackElo "2615"]

1.Nf3 Nf6 2.c4 c5 3.g3 d5 4.cxd5 Nxd5 5.Bg2 Nc6 6.d4 cxd4 7.Nxd4 Ndb4 8.Nxc6 Qxd1+
9.Kxd1 Nxc6 10.Nc3 Bd7 11.Be3 g6 12.Rc1 Bg7 13.f4 O-O 14.Ke1 Rac8 15.Kf2 e5
16.Rhd1 Be6 17.Nb5 Bxa2 18.Bc5 Rfd8 19.Bxc6 bxc6 20.Nxa7 Rxd1 21.Rxd1 Ra8
22.b4 exf4 23.gxf4 Bb3 24.Rd7 Bd5 25.Rc7 Bh6 26.e3 Bf8 27.Nxc6 Bxc5 28.bxc5 Ra2+
29.Kg3 Be4 30.Nd4 Rg2+ 31.Kh3 Rg1 32.Re7 Bg2+ 33.Kg3 Bd5+ 34.Kf2 Rc1 35.c6 Rxc6
36.Nxc6 Bxc6 37.e4 Kf8 38.Re5 Kg7 39.Ke3 Kf6 40.Kd4 Bd7 41.Ra5 h6 42.Ra6+ Kg7
43.Ke5 Bg4 44.f5 g5 45.Kd6 Kf6 46.Ra5 Kg7 47.Ke7 h5 48.f6+ Kg6 49.Ra8  1-0

[Event "Dresden zt"]
[Site "Dresden"]
[Date "1998.??.??"]
[Round "5"]
[White "Kortschnoj, Viktor"]
[Black "Smirin, Ilia"]
[Result "0-1"]
[WhiteElo "2625"]
[BlackElo "2590"]

1.d4 Nf6 2.c4 g6 3.Nc3 Bg7 4.e4 d6 5.Be2 O-O 6.Nf3 e5 7.O-O Na6 8.Be3 Ng4
9.Bg5 Qe8 10.d5 f5 11.Nd2 h6 12.Bh4 g5 13.Bg3 Nf6 14.f3 f4 15.Bf2 Qg6 16.Kh1 g4
17.fxg4 Nxg4 18.Bg1 Rf7 19.Nf3 Bf6 20.Re1 Rg7 21.Bf1 Nc5 22.b4 Nd7 23.c5 Bd8
24.h3 Ne3 25.Bxe3 fxe3 26.c6 Nf6 27.cxb7 Bxb7 28.Rxe3 Nh5 29.Ne2 c6 30.g4 cxd5
31.gxh5 Qxh5 32.Nfg1 Bh4 33.Nf3 Bf2 34.Qb3 Kh8 35.exd5 Bxe3 36.Qxe3 Bxd5
37.Ng1 Rag8 38.Kh2 e4 39.Rd1 exf3 40.Rxd5 Qxd5 41.Qxh6+ Rh7 42.Qf6+ Rgg7
43.Nxf3 Qxa2+ 44.Kh1 Qf7 45.Qc3 Qf5 46.Kh2 Qf4+ 47.Kh1 Qg4 48.Qc6 Rxh3+ 49.Bxh3 Qxh3+
50.Nh2 Qe6 51.Nf3 Qg4  0-1

[Event "Dresden zt"]
[Site "Dresden"]
[Date "1998.??.??"]
[Round "6"]
[White "Sokolov, Ivan"]
[Black "Smirin, Ilia"]
[Result "1/2-1/2"]
[WhiteElo "2625"]
[BlackElo "2590"]

1.d4 Nf6 2.Nf3 g6 3.c4 Bg7 4.Nc3 O-O 5.e4 d6 6.Be2 e5 7.O-O Nc6 8.d5 Ne7
9.b4 Nh5 10.Re1 a5 11.bxa5 f5 12.a4 Rxa5 13.Ra3 Nf6 14.Bf1 f4 15.Nb5 Nd7
16.Bd2 Ra8 17.Bb4 Nc5 18.Bxc5 dxc5 19.Rd3 Bg4 20.Be2 Nc8 21.Nd2 Bd7 22.Bg4 Bxb5
23.cxb5 Nd6 24.Qc2 b6 25.Rb1 Qe7 26.Ra3 Ra5  1/2-1/2

[Event "Dresden zt"]
[Site "Dresden"]
[Date "1998.??.??"]
[Round "10"]
[White "Sutovskij, Emil"]
[Black "Smirin, Ilia"]
[Result "1/2-1/2"]
[WhiteElo "2595"]
[BlackElo "2590"]

1.e4 c5 2.Nf3 e6 3.Nc3 a6 4.g3 b5 5.Bg2 Bb7 6.d3 Be7 7.e5 d6 8.exd6 Qxd6
9.a4 Qb6 10.O-O Nd7 11.axb5 axb5 12.Rxa8+ Bxa8 13.d4 Ngf6 14.dxc5 Nxc5 15.Be3 b4
16.Na4 Qc7 17.Nxc5 Bxc5 18.Bxc5 Qxc5 19.Qd4 Qxd4 20.Nxd4 Bxg2 21.Kxg2 Nd5
22.Ra1 Ke7 23.Ra7+ Kf6 24.f4 Rd8 25.Kf3 Nxf4 26.Nc6 Rc8 27.Nxb4 Nd5  1/2-1/2

[Event "Dresden zt"]
[Site "Dresden"]
[Date "1998.??.??"]
[Round "11"]
[White "Smirin, Ilia"]
[Black "Lutz, Christopher"]
[Result "1/2-1/2"]
[WhiteElo "2590"]
[BlackElo "2595"]

1.e4 c5 2.Nc3 Nc6 3.Nge2 g6 4.d4 cxd4 5.Nxd4 Bg7 6.Be3 Nf6 7.Bc4 Qa5 8.O-O O-O
9.Bb3 d6 10.h3 Bd7 11.f4 Nxd4 12.Bxd4 Bc6 13.Qd3 Rad8 14.Rad1 Nd7 15.Bxg7 Kxg7
16.Qd4+ Nf6 17.Kh2 e5 18.fxe5 Qxe5+ 19.Kg1 a6 20.Rd3 Rd7 21.Rfd1 Rfd8 22.a3 h5
23.R3d2 h4 24.Rd3 Re8 25.Bd5 Qxd4+ 26.Rxd4 Bxd5 27.exd5 g5 28.a4 Re5 29.a5 Kg6
30.Na4 Rc7 31.c4 Ne4 32.Re1 f5 33.b4 Kf6 34.Nb6 Ree7 35.c5 Kf7 36.Rdd1 Ke8
37.Nc4 Rcd7 38.Ne3 dxc5 39.Nxf5 Re5 40.bxc5 Rxf5 41.Rxe4+ Kd8 42.Red4  1/2-1/2

[Event "New York op 5'"]
[Site "New York"]
[Date "1998.??.??"]
[Round "?"]
[White "Gurevich, Dmitry"]
[Black "Smirin, Ilia"]
[Result "1-0"]
[WhiteElo "2540"]
[BlackElo "2590"]

1.d4 Nf6 2.c4 g6 3.Nc3 Bg7 4.e4 d6 5.Nf3 O-O 6.Be2 Nc6 7.O-O e5 8.d5 Ne7
9.b4 Ne8 10.c5 f5 11.Ne1 h6 12.f3 Rf6 13.Be3 f4 14.Bf2 g5 15.h3 h5 16.Qc2 Bh6
17.Rc1 Rg6 18.Nb5 g4 19.hxg4 hxg4 20.fxg4 Nf6 21.cxd6 cxd6 22.Nc7 Rb8 23.Bxa7 Nxg4
24.Bxb8 Ne3 25.Qd3 Bh3 26.Bf3 Qxb8 27.Rf2 Qa7 28.Ne6 Rg3 29.Rc7 Ng4 30.Qe2 Nxf2
31.Qxf2 Qxf2+ 32.Kxf2 Bxe6 33.Rxe7 Bf7 34.Rxb7 Bg5 35.a4 Bh4 36.Ke2 Rg7 37.a5 Be8
38.Rxg7+ Kxg7 39.Nc2 Ba4 40.Na3 Bd8 41.Kd2 Kf8 42.Nc4 Ke7 43.Bg4  1-0

[Event "Paris op"]
[Site "Paris"]
[Date "1998.??.??"]
[Round "2"]
[White "Smirin, Ilia"]
[Black "Toulzac, Pierre Yves"]
[Result "1-0"]
[WhiteElo "2615"]
[BlackElo "2275"]

1.c4 f5 2.Nc3 Nf6 3.g3 g6 4.Bg2 d6 5.d4 Bg7 6.Nf3 O-O 7.O-O Qe8 8.d5 c6 9.Re1 h6
10.e4 fxe4 11.Nxe4 Qf7 12.Nc3 g5 13.Qc2 Na6 14.h4 Bg4 15.hxg5 Nxd5 16.gxh6 Ndb4
17.Qd2 Bxf3 18.hxg7 Qxg7 19.a3 Bxg2 20.Kxg2 Nc5 21.axb4 Nb3 22.Qd1 Nxa1 23.Be3 a5
24.b5 Qg6 25.Qxa1 Qf7 26.Qb1 Qf3+ 27.Kg1 Rf5 28.Qd1 Qxd1 29.Rxd1 cxb5 30.Nxb5 Rc8
31.Rd4 Kf7 32.Nc3 Rc6 33.Kf1 e6 34.Rh4 Kg7 35.Nb5 Rf6 36.Ke2 Kg8 37.Rg4+ Kf7
38.Nc3 Rf5 39.Rh4 Kg7 40.Kd3 Ra6 41.Bd4+ Kg6 42.Rh8 a4 43.Rg8+ Kh6 44.Be3+ Kh7
45.Re8 d5 46.cxd5 exd5 47.Re7+ Kg6 48.Rxb7 a3 49.bxa3 Rxa3 50.Kd4  1-0

[Event "Paris op"]
[Site "Paris"]
[Date "1998.??.??"]
[Round "3"]
[White "Golubovic, Boris"]
[Black "Smirin, Ilia"]
[Result "1/2-1/2"]
[WhiteElo "2440"]
[BlackElo "2615"]

1.e4 c5 2.Nf3 e6 3.b3 d5 4.Bb5+ Bd7 5.Bxd7+ Qxd7 6.exd5 exd5 7.O-O Nc6 8.Re1+ Nge7
9.d4 O-O-O 10.Ba3 cxd4 11.Nxd4 Nxd4 12.Qxd4 Nc6 13.Qa4 Qf5 14.Bxf8 Rhxf8
15.Na3 Kb8 16.Qh4 d4 17.Rad1 Rfe8 18.Rxe8 Rxe8 19.h3 Ka8 20.Qg4 Qa5 21.Nc4 Qxa2
22.Nd6 Rb8 23.Qe4 Qa5 24.Qxh7 Qd5 25.Nc4 g6 26.Qh4 Qf5 27.Rd2 Re8 28.Nd6 Re1+
29.Kh2 Qe5+ 30.f4 g5 31.fxe5 gxh4 32.Nxf7 Re3 33.Rf2 a5 34.Rf6 Re2 35.e6 Kb8
36.Nd6 Kc7 37.Nc4 Nd8 38.Nxa5 Nxe6 39.Nc4 b5 40.Nd2 Ng5 41.Nf3 Nxf3+ 42.Rxf3 Kd6
43.c3 dxc3 44.Rxc3 Rb2 45.Rf3  1/2-1/2

[Event "Paris op"]
[Site "Paris"]
[Date "1998.??.??"]
[Round "5"]
[White "Grigore, George"]
[Black "Smirin, Ilia"]
[Result "0-1"]
[WhiteElo "2475"]
[BlackElo "2615"]

1.d4 Nf6 2.c4 g6 3.Nc3 Bg7 4.e4 d6 5.Be2 O-O 6.Nf3 Na6 7.O-O e5 8.Re1 c6
9.Bf1 Bg4 10.dxe5 Bxf3 11.Qxf3 dxe5 12.Be3 Qe7 13.Red1 Nc7 14.g3 Ne6 15.Bh3 Nd7
16.Bxe6 Qxe6 17.Rd2 f5 18.Rad1 Rf7 19.Rd6 Qe8 20.exf5 gxf5 21.Qh5 Bf8 22.R6d2 Qe6
23.Qe2 e4 24.Bf4 Re8 25.f3 Nc5 26.fxe4 fxe4 27.Rd8 Rfe7 28.Bg5 Rf7 29.Rxe8 Qxe8
30.Rd8 Qe6 31.Be3 Qf5 32.Qf2 Qg6 33.Qe2 Ne6 34.Ra8 a6 35.Rc8 h5 36.Qg2 h4
37.Bc1 hxg3 38.hxg3 Rf3  0-1

[Event "Paris op"]
[Site "Paris"]
[Date "1998.??.??"]
[Round "6"]
[White "Smirin, Ilia"]
[Black "Avrukh, Boris"]
[Result "1/2-1/2"]
[WhiteElo "2615"]
[BlackElo "2565"]

1.Nf3 Nf6 2.c4 g6 3.b4 Bg7 4.Bb2 d6 5.g3 e5 6.d3 O-O 7.Bg2 a5 8.b5 Nbd7 9.O-O Nc5
10.Nfd2 Bg4 11.h3 Be6 12.Nc3 Qd7 13.Kh2 Rad8 14.Nb3 b6 15.Qc2 Nxb3 16.axb3 d5
17.Rad1 h5 18.e3 Rfe8 19.Ne2 Qd6 20.f4 exf4 21.Nxf4 h4 22.gxh4 Bf5 23.Qf2 dxc4
24.e4 Bg4 25.Rde1 Nh5 26.Bxg7 Kxg7 27.bxc4  1/2-1/2

[Event "Paris op"]
[Site "Paris"]
[Date "1998.??.??"]
[Round "9"]
[White "Komarov, Dimitri"]
[Black "Smirin, Ilia"]
[Result "1/2-1/2"]
[WhiteElo "2570"]
[BlackElo "2615"]

1.d4 Nf6 2.c4 g6 3.Nc3 Bg7 4.e4 d6 5.Nf3 O-O 6.Be2 e5 7.O-O Nc6 8.d5 Ne7
9.Nd2 a5 10.a3 Bd7 11.Rb1 a4 12.b4 axb3 13.Nxb3 b6 14.Ra1 Ne8 15.Bd2 f5 16.f3 fxe4
17.fxe4 Rxf1+ 18.Qxf1 Kh8 19.Bg5 h6 20.Be3 Ng8 21.a4 Bf6 22.Qc1 Bg5 23.Bxg5 Qxg5
24.Qxg5 hxg5 25.a5 bxa5 26.Rxa5 Rxa5 27.Nxa5 Kg7 28.c5 dxc5 29.Nb3 Nd6 30.Nxc5 Nf6
31.Kf2 Kf8 32.Ke3 Ke7 33.Bd1 Nc4+  1/2-1/2

[Event "Vienna op 13th"]
[Site "Vienna"]
[Date "1998.??.??"]
[Round "?"]
[White "Hangweyrer, Manfred"]
[Black "Smirin, Ilia"]
[Result "0-1"]
[WhiteElo "2385"]
[BlackElo "2590"]

1.e4 g6 2.d4 Bg7 3.Nf3 d6 4.c3 Nf6 5.Bd3 O-O 6.O-O Nc6 7.Na3 e5 8.Nc2 Nh5
9.Re1 Bg4 10.Be3 Qf6 11.Be2 Nf4 12.Bxf4 Qxf4 13.d5 Ne7 14.Nd2 Bd7 15.Ne3 f5
16.Qb3 fxe4 17.Rab1 Nf5 18.c4 Nd4 19.Qd1 Bf5 20.Rc1 c5 21.dxc6 bxc6 22.b4 Rad8
23.b5 cxb5 24.cxb5 d5 25.Rc7 Rd7 26.Rxd7 Bxd7 27.a4 Be6 28.Bg4 Nf5 29.a5 Bc8
30.Bxf5 gxf5 31.b6 axb6 32.axb6 Qg5 33.g3  0-1

[Event "Vienna op 13th"]
[Site "Vienna"]
[Date "1998.??.??"]
[Round "?"]
[White "Weinzettl, Ernst"]
[Black "Smirin, Ilia"]
[Result "0-1"]
[WhiteElo "2410"]
[BlackElo "2590"]

1.Nf3 Nf6 2.d4 g6 3.Nc3 Bg7 4.e4 d6 5.Be3 O-O 6.Qd2 Bg4 7.Ng5 Nc6 8.d5 Nb4
9.f3 Bd7 10.a3 Na6 11.h4 h5 12.O-O-O Qc8 13.g4 b5 14.gxh5 Nxh5 15.Bd4 Bxd4
16.Qxd4 Rb8 17.Rg1 Qb7 18.b4 Qb6 19.Bh3 Qxd4 20.Rxd4 Bxh3 21.Nxh3 Kg7 22.f4 e5
23.dxe6 fxe6 24.f5 exf5 25.exf5 Rxf5 26.Rdg4 Rh8 27.Rxg6+ Kf8 28.Ne4 Nf4
29.Nxf4 Rxf4 30.Ng5 Rfxh4 31.Rf6+ Ke7 32.Rf7+ Kd8 33.Ne6+ Kc8 34.Rg5 Re4
35.Nf4 Rh1+ 36.Kb2 Rf1 37.Rg8+ Kb7 38.Ne6 Rfe1 39.Nd8+ Kb6 40.Rf2 Rh1 41.Rg5 Nb8
42.Nf7 Nc6 43.Rd5 Ree1 44.Rf6 Rb1+ 45.Kc3 Rh4 46.Rd3 Rc4+ 47.Kd2 Ra1  0-1

[Event "Vienna op 13th"]
[Site "Vienna"]
[Date "1998.??.??"]
[Round "?"]
[White "Ulibin, Mikhail"]
[Black "Smirin, Ilia"]
[Result "1/2-1/2"]
[WhiteElo "2575"]
[BlackElo "2590"]

1.d4 Nf6 2.c4 g6 3.Nc3 Bg7 4.e4 d6 5.Nf3 O-O 6.Be2 e5 7.O-O Nc6 8.d5 Ne7
9.Nd2 a5 10.a3 Bd7 11.Rb1 a4 12.b4 axb3 13.Nxb3 b6 14.Ra1 Ne8 15.a4 f5 16.a5 bxa5
17.Nxa5 Nf6 18.c5 Nxe4 19.Nxe4 fxe4 20.Nb7  1/2-1/2

[Event "Vienna op 13th"]
[Site "Vienna"]
[Date "1998.??.??"]
[Round "?"]
[White "Smirin, Ilia"]
[Black "Lehner, Oliver"]
[Result "1-0"]
[WhiteElo "2590"]
[BlackElo "2420"]

1.c4 e5 2.Nc3 Bb4 3.Nd5 Be7 4.d4 d6 5.e4 Nf6 6.Nxe7 Qxe7 7.f3 Nh5 8.Be3 exd4
9.Qxd4 Nc6 10.Qc3 Qe5 11.Ne2 Bd7 12.O-O-O O-O 13.g4 Nf6 14.h4 Rfe8 15.Rg1 a5
16.h5 a4 17.h6 a3 18.b3 Nb4 19.Kb1 Bc6 20.Qxe5 dxe5 21.Bc5 Na6 22.Bxa3 gxh6
23.Ng3 b6 24.Nf5 Nc5 25.Nxh6+ Kf8 26.Bb4 Ra7 27.Be2 Rea8 28.Rd2 Ke8 29.Bd1 Nfd7
30.Nf5 Ne6 31.Rh1 Ndf8 32.Rh6 Bd7 33.Bc3 Ng6 34.Rxh7 Ng5 35.Rh5 Ne6 36.Nh4 Nef4
37.Nxg6  1-0

[Event "Vienna op 13th"]
[Site "Vienna"]
[Date "1998.??.??"]
[Round "?"]
[White "Smirin, Ilia"]
[Black "Dumpor, Atif"]
[Result "1-0"]
[WhiteElo "2590"]
[BlackElo "2305"]

1.c4 e5 2.Nc3 Nc6 3.g3 g6 4.Bg2 Bg7 5.Nf3 f5 6.O-O Nf6 7.d3 d6 8.Bg5 h6 9.Bxf6 Qxf6
10.Nd5 Qf7 11.Nd2 O-O 12.b4 Be6 13.b5 Nd8 14.Qa4 e4 15.Rac1 Bxd5 16.cxd5 Qxd5
17.Rfd1 Qf7 18.dxe4 f4 19.gxf4 Ne6 20.e3 a6 21.b6 cxb6 22.Qb4 b5 23.Qxd6 Rad8
24.Qb6 Bb2 25.Rb1 Ba3 26.Nb3 Rc8 27.e5 g5 28.Bd5 Rc6 29.Bxc6 bxc6 30.Qxc6 gxf4
31.Kh1 Kh8 32.Nd4 Ng5 33.Qxh6+ Nh7 34.Rg1 Bc5 35.Rg2 Bxd4 36.exd4 Qb7 37.d5 b4  1-0

[Event "Vienna op 13th"]
[Site "Vienna"]
[Date "1998.??.??"]
[Round "?"]
[White "Smirin, Ilia"]
[Black "Anka, Emil"]
[Result "1/2-1/2"]
[WhiteElo "2590"]
[BlackElo "2420"]

1.e4 c5 2.Nf3 e6 3.d4 cxd4 4.Nxd4 a6 5.Nc3 b5 6.g3 Bb7 7.Bg2 Nc6 8.Nxc6 Bxc6
9.O-O Rc8 10.Re1 Qb6 11.Be3 Bc5 12.Qg4 Kf8 13.a3 Nf6 14.Qf4 Bxe3 15.Rxe3 Qc5
16.e5 Bxg2 17.Kxg2 Nd5 18.Nxd5 Qxd5+ 19.Kg1 Rc4 20.Qg5 f6 21.Qh5 Rxc2 22.Rd1 Rd2
23.Ree1 Ke7 24.exf6+ Kxf6 25.Qh4+ g5 26.Qh6+ Ke7 27.Qg7+ Kd6 28.Rxd2 Qxd2
29.Re4 Qc1+ 30.Kg2 Rd8 31.Qe5+ Ke7 32.Qg7+ Kd6 33.Qf6 Rg8 34.Rd4+ Kc7 35.Qe5+ Kc8
36.Qd6 Qc6+ 37.Qxc6+ dxc6 38.Rd6 Kc7 39.Rxe6 Rg7 40.b4 Rf7 41.Rh6 Kb6 42.g4 a5
43.Kg3 Rd7 44.f3 Rd3 45.bxa5+ Kc5 46.h4 gxh4+ 47.Rxh4 Rxa3 48.Rxh7 Rxa5 49.g5 b4
50.g6 Kd6 51.Kf4 Ke6 52.Rc7 Kf6 53.Rxc6+ Kg7  1/2-1/2

[Event "EUCup final 14th"]
[Site "Belgrade"]
[Date "1999.01.13"]
[Round "3"]
[White "Kramnik, Vladimir"]
[Black "Smirin, Ilia"]
[Result "1/2-1/2"]
[WhiteElo "2751"]
[BlackElo "2652"]

1.Nf3 Nf6 2.c4 g6 3.Nc3 Bg7 4.e4 d6 5.d4 O-O 6.Be2 e5 7.O-O Nc6 8.d5 Ne7
9.b4 a5 10.Ba3 b6 11.bxa5 Nh5 12.Re1 f5 13.Bb4 bxa5 14.Ba3 Nf6 15.Bd3 fxe4
16.Nxe4 Bg4 17.Nxf6+ Rxf6 18.Be4 Nf5 19.Qd3 Rf7 20.Rab1 Bh6 21.c5 Qf6 22.cxd6 cxd6
23.Rb6 Rd8 24.Rf1 Qe7 25.h3 Bxf3 26.Bxf3 Bf8 27.g3 Nd4 28.Be4 Qc7 29.Ra6 Rc8
30.Kg2 Qd8 31.Bb2 Rc5 32.Bxd4 exd4 33.Qxd4 Rb5 34.Rc6 Rb4 35.Rc4 Bg7 36.Qd3 Rb2
37.Rc2 Qb6 38.Rc8+ Bf8 39.Rc2 Bg7 40.Bf3 Bd4 41.h4 Kg7 42.Rd2 Rxd2 43.Qxd2 Qb4
44.Qe2 Qb2 45.Qxb2 Bxb2 46.Re1 Bd4 47.Re4 Bc5 48.g4 Rb7 49.g5 Rb2 50.Re7+ Kg8
51.Re2 Rxe2 52.Bxe2 Kg7 53.Bb5 h6 54.Be8 hxg5 55.hxg5 Bb4 56.Kf3 Bd2 57.Kg4 Be1
58.f4 Bd2 59.Kf3 Bc1 60.Ke4 Bd2 61.Kf3 Bc1 62.Kg4 Bd2 63.f5 gxf5+ 64.Kxf5 Bb4
65.Ke6 Bc5 66.Ke7 Bb4 67.Kd8 Bc5 68.Kc7 Bb4 69.Kb6 Kf8 70.Bh5 Kg7 71.Kb5 Kf8
72.Bd1 Kg7 73.Bc2 Kf8 74.Ka4 Kg7 75.a3 Bc5  1/2-1/2

[Event "ISR-chT"]
[Site "Israel"]
[Date "1999.01.22"]
[Round "3"]
[White "Smirin, Ilia"]
[Black "Zoler, Dan"]
[Result "1/2-1/2"]
[WhiteElo "2615"]
[BlackElo "2500"]

1.e4 e5 2.Nf3 Nc6 3.Bb5 a6 4.Ba4 Nf6 5.O-O Be7 6.Re1 b5 7.Bb3 O-O 8.d3 d6
9.c3 Na5 10.Bc2 c5 11.Nbd2 Nc6 12.Nf1 Re8 13.a4 Rb8 14.axb5 axb5 15.Ng3 Bf8
16.h3 g6 17.Bg5 Bg7 18.Bb3 Qc7 19.Nf1 Be6 20.Bxf6 Bxf6 21.Ne3 Ne7 22.Bxe6 fxe6
23.h4 Ra8 24.Ng4 Bg7 25.Qb3 Qd7 26.Ng5 Rxa1 27.Rxa1 d5 28.Ra6 c4 29.Qd1 h5
30.Ne3 d4 31.Nf1 dxc3 32.bxc3 Qxd3 33.Qxd3 cxd3 34.Rxe6 Bh6 35.Nf3 Kf7 36.Rd6 Ng8
37.Rxd3 Nf6 38.Ne3 Bxe3 39.Rxe3 Ke6 40.Re1 Ra8 41.Ng5+ Ke7 42.Re3 Ra1+ 43.Kh2 Ra2
44.Rf3 Ne8 45.Rf7+ Kd6 46.Rf8 Kd7 47.g3 Rc2  1/2-1/2

[Event "ISR-chT"]
[Site "Israel"]
[Date "1999.01.29"]
[Round "4"]
[White "Tsesarsky, Ilya"]
[Black "Smirin, Ilia"]
[Result "1/2-1/2"]
[WhiteElo "2430"]
[BlackElo "2652"]

1.Nf3 Nf6 2.c4 g6 3.Nc3 Bg7 4.e4 d6 5.d4 O-O 6.Be2 Na6 7.O-O e5 8.Qc2 Nb4
9.Qd1 a5 10.a3 Nc6 11.d5 Ne7 12.Nd2 Nd7 13.Rb1 f5 14.b4 Kh8 15.Nb3 axb4 16.axb4 Nf6
17.f3 f4 18.Bd2 h5 19.Ra1 Rxa1 20.Qxa1 g5 21.c5 g4 22.Qa5 b6 23.Qa7 Ng6 24.Nb5 Ne8
25.Nxc7 Rf7 26.cxb6 g3 27.h3 Qh4 28.Nxe8 Rxa7 29.bxa7 Bxh3 30.gxh3 Qxh3 31.Rf2 gxf2+
32.Kxf2 Qh2+ 33.Kf1 Qh1+  1/2-1/2

[Event "ISR-chT"]
[Site "Israel"]
[Date "1999.03.26"]
[Round "5"]
[White "Smirin, Ilia"]
[Black "Stisis, Yaacov"]
[Result "0-1"]
[WhiteElo "2652"]
[BlackElo "2374"]

1.c4 e5 2.Nc3 Bb4 3.Nd5 Be7 4.d4 d6 5.e4 c6 6.Nxe7 Qxe7 7.Ne2 Nf6 8.f3 d5
9.dxe5 Qxe5 10.Qc2 dxe4 11.Bf4 Qf5 12.O-O-O O-O 13.Qc3 c5 14.g4 Qe6 15.Bd6 exf3
16.Nf4 Qxg4 17.Bd3 f2 18.Qd2 Rd8 19.Bc7 Rd4 20.Qxf2 Nc6 21.Rhg1 Qd7 22.Nd5 Nxd5
23.cxd5 Qxc7 24.dxc6 bxc6 25.Rdf1 Rxd3 26.Rxg7+ Kxg7 27.Qf6+ Kg8 28.Rg1+ Kf8
29.Qh6+ Ke7 30.Re1+ Be6 31.Rxe6+ fxe6 32.Qxh7+ Kd8  0-1

[Event "ISR-chT"]
[Site "Israel"]
[Date "1999.04.23"]
[Round "9"]
[White "Avrukh, Boris"]
[Black "Smirin, Ilia"]
[Result "0-1"]
[WhiteElo "2603"]
[BlackElo "2652"]

1.d4 Nf6 2.c4 g6 3.Nc3 Bg7 4.e4 d6 5.h3 Nbd7 6.Bd3 O-O 7.Bg5 c5 8.Nf3 cxd4
9.Nxd4 Qa5 10.Bd2 Ne5 11.Be2 Qc5 12.Nb3 Qc6 13.Nd5 Nxd5 14.cxd5 Qa4 15.O-O Qxe4
16.Bc3 g5 17.Re1 Qg6 18.Nd4 f5 19.Bf1 f4 20.Be2 Bd7 21.Nf3 Nxf3+ 22.Bxf3 Bxc3
23.bxc3 Qf6 24.Rb1 b6 25.Qe2 Bf5 26.Rb4 Rac8 27.Qxe7 Rxc3 28.Bh5 Qxe7 29.Rxe7 Rc1+
30.Kh2 Rf1 31.Rc4 Rxf2 32.Rxa7 f3 33.Bxf3 Bd3 34.Rc3 R8xf3 35.Kg1 Rc2  0-1

[Event "Las Vegas op"]
[Site "Las Vegas"]
[Date "1999.04.??"]
[Round "?"]
[White "Novikov, Igor A"]
[Black "Smirin, Ilia"]
[Result "0-1"]
[WhiteElo "2601"]
[BlackElo "2652"]

1.d4 Nf6 2.c4 g6 3.Nc3 Bg7 4.e4 d6 5.f3 O-O 6.Bg5 a6 7.Qd2 Nc6 8.Nge2 Rb8
9.d5 Ne5 10.Ng3 c6 11.Be2 b5 12.cxb5 cxd5 13.exd5 axb5 14.Nxb5 Bb7 15.Bxf6 exf6
16.f4 Nd7 17.f5 Qb6 18.Ne4 Ba6 19.Nbxd6 Ne5 20.b3 Rfd8 21.Nc4 Nxc4 22.bxc4 Re8
23.c5 Qa7 24.O-O Rxe4 25.Bxa6 Qxa6 26.Rfe1 gxf5 27.Rac1 Qa3 28.d6 Rb2 29.Qd5 Rbe2
30.Rxe2 Qxc1+ 31.Kf2 Qf4+ 32.Ke1 Rd4 33.Qa8+ Bf8 34.Qa3 Qxh2 35.Qe3 Re4 36.Qf2 Rf4
37.Qe3 Bh6 38.Qe8+ Kg7 39.Kd1 Qg1+  0-1

[Event "ISR-chT"]
[Site "Israel"]
[Date "1999.05.08"]
[Round "11"]
[White "Kogan, Artur"]
[Black "Smirin, Ilia"]
[Result "0-1"]
[WhiteElo "2507"]
[BlackElo "2652"]

1.Nf3 Nf6 2.c4 g6 3.Nc3 Bg7 4.g3 O-O 5.Bg2 d6 6.d4 Nc6 7.O-O a6 8.Bg5 h6
9.Bd2 Rb8 10.Qc1 Kh7 11.Rd1 Bg4 12.d5 Na5 13.b3 c5 14.h3 Bxf3 15.exf3 b5
16.Ne2 bxc4 17.Qa3 Rb5 18.bxc4 Nxc4 19.Qxa6 Qb6 20.Qxb6 Rxb6 21.Bc3 Ra8 22.Bf1 Ra3
23.Rac1 Nb2 24.Rd2 Na4 25.Kg2 Nd7 26.Bxg7 Kxg7 27.Rcc2 Ne5 28.Ng1 g5 29.Re2 Rc3
30.Red2 Rxc2 31.Rxc2 Rb1 32.Ba6 Nb6 33.Bb7 Nd3 34.Re2 Kf6 35.f4 gxf4 36.Nf3 c4
37.Nd2 Rb2 38.Bc6 Kg7 39.Nxc4 Rxe2 40.Nxb6 Rxf2+ 41.Kg1 fxg3 42.a4 Ne5  0-1